Loading...
| Current Events | 1 | 10.00 | 100% | 0% | 0% |
| Fine Arts - Classical Music | 6 | 21.67 | 100% | 100% | 17% |
| Fine Arts - Other Fine Arts | 4 | 20.00 | 100% | 75% | 25% |
| Geography | 3 | 20.00 | 100% | 100% | 0% |
| History - American History | 2 | 10.00 | 100% | 0% | 0% |
| History - European History | 2 | 30.00 | 100% | 100% | 100% |
| History - Other History | 5 | 18.00 | 100% | 60% | 20% |
| History - World History | 5 | 22.00 | 100% | 60% | 60% |
| Literature - American Literature | 5 | 12.00 | 100% | 20% | 0% |
| Literature - British Literature | 3 | 16.67 | 100% | 67% | 0% |
| Literature - European Literature | 6 | 20.00 | 100% | 50% | 50% |
| Literature - World Literature | 4 | 12.50 | 100% | 25% | 0% |
| Mythology | 5 | 14.00 | 100% | 40% | 0% |
| Painting/Sculpture | 5 | 16.00 | 100% | 60% | 0% |
| Philosophy | 3 | 23.33 | 100% | 100% | 33% |
| Pop Culture | 4 | 22.50 | 100% | 75% | 50% |
| Religion | 2 | 20.00 | 100% | 50% | 50% |
| Science - Biology | 4 | 25.00 | 100% | 100% | 50% |
| Science - Chemistry | 6 | 25.00 | 100% | 100% | 50% |
| Science - Other Science | 7 | 22.86 | 100% | 86% | 43% |
| Science - Physics | 5 | 28.00 | 100% | 100% | 80% |
| Social Science | 4 | 17.50 | 100% | 50% | 25% |